[Event "SUI-chT"]
[Site "Switzerland"]
[Date "2021.12.12"]
[Round "9.4"]
[White "Botta, Gabriele"]
[Black "Hasenohr, Benedict"]
[Result "0-1"]
[WhiteElo "2353"]
[BlackElo "2256"]
[PlyCount "62"]
[EventDate "2021.08.29"]
[EventType "team-tourn"]
[EventRounds "9"]
[EventCountry "SUI"]
[SourceTitle "EXT 2023"]
[Source "ChessBase"]
[SourceDate "2022.10.05"]
[SourceVersion "1"]
[SourceVersionDate "2022.10.05"]
[SourceQuality "1"]
[WhiteTeam "Echallens"]
[BlackTeam "Winterthur"]
[WhiteTeamCountry "SUI"]
[BlackTeamCountry "SUI"]

1. e4 e6 2. d4 d5 3. Nd2 Nf6 4. e5 Nfd7 5. Bd3 c5 6. c3 Nc6 7. Ne2 cxd4 8. cxd4 f6 9. Nf4 Nxd4 10. Qh5+ Ke7 11. exf6+ Nxf6 12. Ng6+ hxg6 13. Qxh8 Kf7 14. 0-0 e5 15. Nb3 Nf5 16. Bg5 e4 17. Be2 Qb6 18. Rac1 a5 19. g4 Ne7 20. Be3 Qd6 21. f3 Qe5 22. Bd4 Qg5 23. Qh3 Nc6 24. f4 Qh5 25. Qxh5 gxh5 26. g5 Ng4 27. Rxc6 bxc6 28. h3 a4 29. Nc5 Rb8 30. Rb1 Rb4 31. Bxg4 hxg4 0-1

[Event "SUI-chT"]
[Site "Switzerland"]
[Date "2021.11.07"]
[Round "7.4"]
[White "Vernay, Clovis"]
[Black "Botta, Gabriele"]
[Result "1/2-1/2"]
[WhiteElo "2513"]
[BlackElo "2353"]
[PlyCount "61"]
[EventDate "2021.08.29"]
[EventType "team-tourn"]
[EventRounds "9"]
[EventCountry "SUI"]
[SourceTitle "EXT 2023"]
[Source "ChessBase"]
[SourceDate "2022.10.05"]
[SourceVersion "1"]
[SourceVersionDate "2022.10.05"]
[SourceQuality "1"]
[WhiteTeam "Geneve"]
[BlackTeam "Echallens"]
[WhiteTeamCountry "SUI"]
[BlackTeamCountry "SUI"]

1. d4 d5 2. c4 c6 3. Nc3 Nf6 4. Nf3 e6 5. e3 Nbd7 6. Bd3 dxc4 7. Bxc4 b5 8. Bd3 Bb7 9. 0-0 Be7 10. e4 b4 11. Na4 c5 12. e5 Nd5 13. Nxc5 Nxc5 14. dxc5 Bxc5 15. Qa4+ Ke7 16. Ba6 Qb6 17. Bxb7 Qxb7 18. Qc2 Rac8 19. Qe4 h6 20. Bd2 Qb6 21. Rac1 g6 22. Qh4+ Kd7 23. Qe4 Ke7 24. Rc4 Kf8 25. Nd4 Kg7 26. Rfc1 Rc7 27. Rf1 Rhc8 28. Qh4 Rh8 29. Qe4 Rhc8 30. Qh4 Rh8 31. Qe4 1/2-1/2

[Event "SUI-chT"]
[Site "Switzerland"]
[Date "2019.06.30"]
[Round "5.2"]
[White "Moor, Roger"]
[Black "Botta, Gabriele"]
[Result "0-1"]
[WhiteElo "2407"]
[BlackElo "2311"]
[PlyCount "54"]
[EventDate "2019.03.10"]
[EventType "team-tourn"]
[EventRounds "9"]
[EventCountry "SUI"]
[SourceTitle "EXT 2020"]
[Source "ChessBase"]
[SourceDate "2019.10.17"]
[SourceVersion "1"]
[SourceVersionDate "2019.10.17"]
[SourceQuality "1"]
[WhiteTeam "Wollishofen"]
[BlackTeam "Echallens"]
[WhiteTeamCountry "SUI"]
[BlackTeamCountry "SUI"]

1. c4 c6 2. Nf3 d5 3. g3 Nf6 4. Bg2 dxc4 5. 0-0 Be6 6. Qc2 Qd5 7. Nc3 Qh5 8. b3 cxb3 9. axb3 Bh3 10. Bxh3 Qxh3 11. b4 e6 12. b5 Be7 13. b6 Nbd7 14. bxa7 Ng4 15. d4 0-0 16. Ba3 c5 17. Nb5 Rfc8 18. Qe4 Rc6 19. Rfc1 e5 20. Bxc5 Ndf6 21. Qf5 e4 22. Bxe7 exf3 23. Qxf3 Qxh2+ 24. Kf1 Ne4 25. Bb4 Rf6 26. Rc8+ Rxc8 27. a8Q Ne3+ 0-1

[Event "SUI-chT"]
[Site "Switzerland"]
[Date "2019.03.10"]
[Round "1.4"]
[White "Botta, Gabriele"]
[Black "Brunner, Lucas"]
[Result "1/2-1/2"]
[WhiteElo "2311"]
[BlackElo "2452"]
[PlyCount "123"]
[EventDate "2019.03.10"]
[EventType "team-tourn"]
[EventRounds "9"]
[EventCountry "SUI"]
[SourceTitle "CBM 189 Extra"]
[Source "ChessBase"]
[SourceDate "2019.06.03"]
[SourceVersion "1"]
[SourceVersionDate "2019.06.03"]
[SourceQuality "1"]
[WhiteTeam "Echallens"]
[BlackTeam "Zuerich"]
[WhiteTeamCountry "SUI"]
[BlackTeamCountry "SUI"]

1. e4 e5 2. Nf3 Nc6 3. Bb5 Nf6 4. d3 d6 5. c3 Be7 6. 0-0 0-0 7. h3 Bd7 8. Re1 Re8 9. d4 Nxd4 10. Nxd4 exd4 11. Bxd7 Qxd7 12. cxd4 d5 13. e5 Ne4 14. Nc3 Nxc3 15. bxc3 c5 16. Be3 Rac8 17. Qd3 b5 18. dxc5 Bxc5 19. f4 Bxe3+ 20. Rxe3 Rc4 21. f5 d4 22. Rd1 g6 23. fxg6 hxg6 24. cxd4 Qd5 25. Rd2 Re6 26. Qe4 Qxe4 27. Rxe4 f6 28. Ree2 fxe5 29. Rxe5 Rxe5 30. dxe5 Kf7 31. Rd7+ Ke6 32. Rxa7 Kxe5 33. Rf7 Ra4 34. Rf2 Ra3 35. Kh2 b4 36. h4 b3 37. axb3 Rxb3 38. g3 Rb4 39. Kh3 Ra4 40. Rf3 Rb4 41. g4 Ke6 42. Kg3 Ke7 43. g5 Ra4 44. Kh3 Rb4 45. Rf6 Rb3+ 46. Kg4 Rb4+ 47. Kg3 Rb3+ 48. Rf3 Rb4 49. Rf4 Rb3+ 50. Kg4 Rb1 51. Ra4 Kf7 52. Ra7+ Kg8 53. Kf4 Rb4+ 54. Ke5 Rxh4 55. Kf6 Rb4 56. Kxg6 Rb6+ 57. Kh5 Rc6 58. Rb7 Ra6 59. Rb8+ Kg7 60. Rb7+ Kg8 61. g6 Ra1 62. Rb8+ 1/2-1/2

[Event "Zuerich Easter op 1st"]
[Site "Zuerich"]
[Date "2018.04.02"]
[Round "7"]
[White "Cvitan, Ognjen"]
[Black "Botta, Gabriele"]
[Result "1-0"]
[WhiteElo "2481"]
[BlackElo "2319"]
[PlyCount "127"]
[EventDate "2018.03.30"]
[EventType "swiss"]
[EventRounds "7"]
[EventCountry "SUI"]
[SourceTitle "CBM 183 Extra"]
[Source "ChessBase"]
[SourceDate "2018.04.19"]
[SourceVersion "1"]
[SourceVersionDate "2018.04.19"]
[SourceQuality "1"]

1. d4 d5 2. c4 c6 3. Nf3 Nf6 4. Nc3 e6 5. e3 Nbd7 6. Qc2 Bd6 7. b3 Qe7 8. Be2 a6 9. Bb2 0-0 10. 0-0 Re8 11. Rad1 Nf8 12. e4 Nxe4 13. Nxe4 dxe4 14. Qxe4 Ng6 15. Bd3 f5 16. Qe3 Bf4 17. Qe2 Bc7 18. Qc2 Bd7 19. Rfe1 Nh4 20. Qe2 Ba5 21. Rf1 Nxf3+ 22. Qxf3 Qf6 23. a3 Rad8 24. b4 Bc7 25. Rfe1 e5 26. dxe5 Bxe5 27. Rxe5 Rxe5 28. Bxe5 Qxe5 29. Bxf5 g6 30. Bxd7 Rxd7 31. g3 Rxd1+ 32. Qxd1 Qc3 33. c5 a5 34. Qd7 Qe1+ 35. Kg2 Qe4+ 36. Kh3 axb4 37. Qc8+ Kf7 38. Qxb7+ Ke6 39. Qxb4 Qxb4 40. axb4 Kd5 41. Kg4 Kc4 42. Kg5 Kxb4 43. Kh6 Kxc5 44. Kxh7 Kb6 45. Kxg6 c5 46. Kf5 Kb5 47. Ke4 Ka4 48. Kd5 Kb4 49. f4 c4 50. f5 c3 51. f6 c2 52. f7 c1Q 53. f8Q+ Kb3 54. Qb8+ Ka2 55. Qa7+ Kb3 56. Qb6+ Ka2 57. Qa5+ Kb2 58. Qb4+ Ka1 59. Qd4+ Kb1 60. h4 Qc8 61. Qe4+ Kb2 62. Qe5+ Kb3 63. Ke4 Qg4+ 64. Ke3 1-0

[Event "Zuerich Easter op 1st"]
[Site "Zuerich"]
[Date "2018.03.31"]
[Round "3"]
[White "Botta, Gabriele"]
[Black "Kazakov, Mikhail"]
[Result "1/2-1/2"]
[WhiteElo "2319"]
[BlackElo "2526"]
[PlyCount "55"]
[EventDate "2018.03.30"]
[EventType "swiss"]
[EventRounds "7"]
[EventCountry "SUI"]
[SourceTitle "CBM 183 Extra"]
[Source "ChessBase"]
[SourceDate "2018.04.19"]
[SourceVersion "1"]
[SourceVersionDate "2018.04.19"]
[SourceQuality "1"]

1. e4 d6 2. d4 Nf6 3. Nc3 e5 4. Nf3 Nbd7 5. Bc4 Be7 6. 0-0 0-0 7. Re1 c6 8. a4 a5 9. b3 exd4 10. Nxd4 Nc5 11. Ba3 Re8 12. Qd2 Bf8 13. f3 Qb6 14. Kh1 Bd7 15. Bb2 Rad8 16. Nce2 Bc8 17. Ng3 d5 18. exd5 Rxe1+ 19. Rxe1 Nxd5 20. Ndf5 Bxf5 21. Nxf5 Ne6 22. Qe2 Ndf4 23. Qe5 Qf2 24. Nh6+ Kh8 25. Nxf7+ Kg8 26. Nh6+ Kh8 27. Nf7+ Kg8 28. Nh6+ 1/2-1/2

[Event "Basel op"]
[Site "Basel"]
[Date "2017.01.08"]
[Round "9"]
[White "Botta, Gabriele"]
[Black "Ruff, Maximilian"]
[Result "1-0"]
[WhiteElo "2377"]
[BlackElo "2228"]
[PlyCount "75"]
[EventDate "2017.01.02"]
[EventType "swiss"]
[EventRounds "9"]
[EventCountry "SUI"]
[SourceTitle "EXT 2018"]
[Source "ChessBase"]
[SourceDate "2017.10.13"]
[SourceVersion "1"]
[SourceVersionDate "2017.10.13"]
[SourceQuality "1"]

1. e4 e5 2. Nf3 Nc6 3. Bb5 a6 4. Ba4 Nf6 5. d3 b5 6. Bb3 Bc5 7. 0-0 0-0 8. a4 Rb8 9. axb5 axb5 10. Nc3 h6 11. Nxe5 Nxe5 12. d4 Bd6 13. dxe5 Bxe5 14. Qd3 Re8 15. Re1 Bb7 16. Nd5 Nxd5 17. Bxd5 c6 18. Bb3 d5 19. f4 Qb6+ 20. Be3 d4 21. Bd2 Bd6 22. e5 c5 23. Qg6 c4 24. Qxd6 Qxd6 25. exd6 cxb3 26. Rxe8+ Rxe8 27. Ra7 Bd5 28. cxb3 Rd8 29. Bb4 d3 30. Kf2 d2 31. Ke2 Bxg2 32. Kxd2 g5 33. Ke3 Re8+ 34. Kf2 Bh3 35. Ba5 gxf4 36. d7 Bxd7 37. Rxd7 Re3 38. Bc3 1-0

[Event "Basel op"]
[Site "Basel"]
[Date "2017.01.07"]
[Round "7"]
[White "Botta, Gabriele"]
[Black "Nandhidhaa, PV."]
[Result "1/2-1/2"]
[WhiteElo "2377"]
[BlackElo "2268"]
[PlyCount "85"]
[EventDate "2017.01.02"]
[EventType "swiss"]
[EventRounds "9"]
[EventCountry "SUI"]
[SourceTitle "CBM 176 Extra"]
[Source "ChessBase"]
[SourceDate "2017.03.02"]
[SourceVersion "1"]
[SourceVersionDate "2017.03.02"]
[SourceQuality "1"]

1. e4 c5 2. Nf3 e6 3. c3 Nf6 4. e5 Nd5 5. Bc4 Nb6 6. Bb3 d6 7. exd6 Bxd6 8. 0-0 0-0 9. d4 cxd4 10. cxd4 Nc6 11. Nc3 Nb4 12. Bg5 Be7 13. Bxe7 Qxe7 14. a3 N4d5 15. Nxd5 Nxd5 16. Bxd5 exd5 17. Qb3 Be6 18. Rfe1 Rfd8 19. Rac1 h6 20. h3 b6 21. Rc6 Qb7 22. Ne5 Rac8 23. Rxc8 Rxc8 24. Ng6 fxg6 25. Rxe6 Rc1+ 26. Kh2 Qc7+ 27. Re5 Rc4 28. Qg3 Qf7 29. Qe3 Rc2 30. f4 Rxb2 31. Re8+ Kh7 32. Re7 Qf5 33. Rxa7 Qe4 34. Qxe4 dxe4 35. Ra4 Rb3 36. Kg1 Rd3 37. Kf2 Kg8 38. d5 Rxd5 39. Rxe4 Rd3 40. Re3 Rd2+ 41. Kf3 Rb2 42. g3 b5 43. Ke4 1/2-1/2

[Event "Basel op"]
[Site "Basel"]
[Date "2017.01.04"]
[Round "4"]
[White "Nguyen, Kevin"]
[Black "Botta, Gabriele"]
[Result "0-1"]
[WhiteElo "2122"]
[BlackElo "2377"]
[PlyCount "84"]
[EventDate "2017.01.02"]
[EventType "swiss"]
[EventRounds "9"]
[EventCountry "SUI"]
[SourceTitle "CBM 176 Extra"]
[Source "ChessBase"]
[SourceDate "2017.03.02"]
[SourceVersion "1"]
[SourceVersionDate "2017.03.02"]
[SourceQuality "1"]

1. e4 c5 2. Nc3 a6 3. g3 b5 4. Bg2 Bb7 5. d3 e6 6. Nh3 b4 7. Nb1 Nf6 8. 0-0 Be7 9. Be3 0-0 10. f4 d6 11. Nd2 Qc7 12. g4 Nfd7 13. f5 exf5 14. gxf5 Nc6 15. Nf4 Nf6 16. Bf2 Ne5 17. h3 Rfd8 18. Qe2 a5 19. Nf3 a4 20. a3 d5 21. Nd2 bxa3 22. bxa3 d4 23. Bg3 Bd6 24. Nh5 Nxh5 25. Qxh5 f6 26. Bf4 Rab8 27. Nf3 Ba6 28. Bxe5 Bxe5 29. Nxe5 Qxe5 30. Rfb1 c4 31. dxc4 Bxc4 32. Qf3 Qc5 33. Kh2 Ba6 34. Qf4 Rxb1 35. Rxb1 Qxc2 36. Rc1 Qb2 37. Rc6 d3 38. Qc7 Rc8 39. Qe7 Qb8+ 40. Rd6 Re8 41. Qxe8+ Qxe8 42. Rxa6 Qb8+ 0-1

[Event "SUI-chT"]
[Site "Switzerland"]
[Date "2016.10.09"]
[Round "9.2"]
[White "Kessler, Luca"]
[Black "Botta, Gabriele"]
[Result "0-1"]
[WhiteElo "2396"]
[BlackElo "2331"]
[PlyCount "80"]
[EventDate "2016.03.20"]
[EventType "team-tourn"]
[EventRounds "9"]
[EventCountry "SUI"]
[SourceTitle "EXT 2017"]
[Source "ChessBase"]
[SourceDate "2016.10.25"]
[SourceVersion "1"]
[SourceVersionDate "2016.10.25"]
[SourceQuality "1"]
[WhiteTeam "Wollishofen"]
[BlackTeam "Echallens"]
[WhiteTeamCountry "SUI"]
[BlackTeamCountry "SUI"]

1. e4 c5 2. Nf3 e6 3. b3 Nc6 4. Bb2 d6 5. Nc3 Nf6 6. d4 cxd4 7. Nxd4 Qa5 8. Bb5 Bd7 9. 0-0 Be7 10. Kh1 Nxd4 11. Bxd7+ Nxd7 12. Qxd4 Bf6 13. Qd3 0-0 14. Nd1 Rfd8 15. c4 Bxb2 16. Nxb2 Qe5 17. Qc2 Nf6 18. Rae1 Ng4 19. f4 Qa5 20. h3 Nf6 21. a4 Rac8 22. f5 exf5 23. exf5 d5 24. g4 Re8 25. Rxe8+ Rxe8 26. Qd3 Qb6 27. Nd1 dxc4 28. Qxc4 h6 29. Kg2 Re4 30. Qd3 Qc6 31. Kh2 Qc7+ 32. Kg2 Qe5 33. Qf3 Nd5 34. Kg1 Re2 35. Rf2 Re1+ 36. Rf1 Nf4 37. Kh1 Qd5 38. Kh2 Qd2+ 39. Rf2 Ne2 40. Ne3 Qd6+ 0-1

[Event "SUI-ch op"]
[Site "Flims"]
[Date "2016.07.12"]
[Round "6"]
[White "Ekstroem, Roland"]
[Black "Botta, Gabriele"]
[Result "1/2-1/2"]
[WhiteElo "2377"]
[BlackElo "2336"]
[PlyCount "28"]
[EventDate "2016.07.08"]
[EventType "swiss"]
[EventRounds "9"]
[EventCountry "SUI"]
[SourceTitle "CBM 173 Extra"]
[Source "ChessBase"]
[SourceDate "2016.08.29"]
[SourceVersion "1"]
[SourceVersionDate "2016.08.29"]
[SourceQuality "1"]

1. e4 c5 2. Nf3 e6 3. c4 Nc6 4. Nc3 a6 5. Be2 Nf6 6. 0-0 Qc7 7. a3 Nd4 8. h3 h5 9. Re1 Ng4 10. Kf1 Nh2+ 11. Kg1 Ng4 12. Kf1 Nh2+ 13. Kg1 Ng4 14. Kf1 Nh2+ 1/2-1/2

[Event "Francophone-ch rapid 3rd"]
[Site "Geneve"]
[Date "2016.07.03"]
[Round "15"]
[White "Efimov, Igor"]
[Black "Botta, Gabriele"]
[Result "1-0"]
[WhiteElo "2374"]
[BlackElo "2336"]
[PlyCount "79"]
[EventDate "2016.07.02"]
[EventType "swiss (rapid)"]
[EventRounds "15"]
[EventCountry "SUI"]
[SourceTitle "CBM 173 Extra"]
[Source "ChessBase"]
[SourceDate "2016.08.29"]
[SourceVersion "1"]
[SourceVersionDate "2016.08.29"]
[SourceQuality "1"]

1. d4 d5 2. c4 c6 3. Nf3 Nf6 4. e3 Bf5 5. Nc3 e6 6. Nh4 Be4 7. f3 Bg6 8. g3 Nbd7 9. Ng2 Bd6 10. Qb3 Qc7 11. Bd2 dxc4 12. Bxc4 b5 13. Be2 e5 14. 0-0 exd4 15. exd4 0-0 16. Be3 Rfe8 17. Rac1 a6 18. Ne4 Nxe4 19. fxe4 Bxe4 20. Rxf7 Kh8 21. Bg4 Bxg3 22. Nf4 Bxf4 23. Bxf4 Qb6 24. Rxd7 Bd5 25. Qg3 Qxd4+ 26. Qf2 Qe4 27. Rxd5 cxd5 28. Qg3 Qd4+ 29. Kg2 Qxb2+ 30. Kh3 Qxa2 31. Be5 Qd2 32. Rc7 Qh6+ 33. Kg2 Qd2+ 34. Kg1 Rg8 35. Bf3 Qe3+ 36. Kf1 Qh6 37. Bxd5 Raf8+ 38. Kg1 Qb6+ 39. Kg2 Rf6 40. Bxf6 1-0

[Event "Francophone-ch rapid 3rd"]
[Site "Geneve"]
[Date "2016.07.02"]
[Round "5"]
[White "Botta, Gabriele"]
[Black "Okhotnik, Vladimir"]
[Result "1-0"]
[WhiteElo "2336"]
[BlackElo "2454"]
[PlyCount "111"]
[EventDate "2016.07.02"]
[EventType "swiss (rapid)"]
[EventRounds "15"]
[EventCountry "SUI"]
[SourceTitle "CBM 173 Extra"]
[Source "ChessBase"]
[SourceDate "2016.08.29"]
[SourceVersion "1"]
[SourceVersionDate "2016.08.29"]
[SourceQuality "1"]

1. e4 c5 2. Nf3 Nf6 3. e5 Nd5 4. c3 Nc6 5. Bc4 e6 6. 0-0 d6 7. d4 cxd4 8. cxd4 Nb6 9. Bb5 Be7 10. Nc3 dxe5 11. Nxe5 Bd7 12. Nxd7 Qxd7 13. Qg4 g6 14. Bh6 a6 15. Bxc6 bxc6 16. Rac1 Nd5 17. Qf3 Nxc3 18. Rxc3 Qd5 19. Rxc6 Qxf3 20. gxf3 Kd7 21. Rfc1 Bd6 22. h3 Rhb8 23. b3 Rb5 24. Bg7 Rg5+ 25. Kf1 Rf5 26. Ke2 f6 27. h4 a5 28. Bh6 Ra7 29. Bd2 Rh5 30. Rc8 Rxh4 31. Rg8 Rc7 32. Rg7+ Kc8 33. Rgxc7+ Bxc7 34. Bxa5 Kd7 35. Rxc7+ Kd6 36. Rc4 h5 37. Bc7+ Kd5 38. a4 Rh1 39. a5 Rb1 40. Rb4 Kc6 41. Bh2 h4 42. Rb6+ Kd7 43. a6 Ra1 44. b4 e5 45. dxe5 Ra2+ 46. Ke3 Ra3+ 47. Ke4 f5+ 48. Kf4 g5+ 49. Kxf5 Rxf3+ 50. Kxg5 Kc7 51. Rb7+ Kc8 52. e6 Kd8 53. Bd6 Rc3 54. Rb8+ Rc8 55. e7+ Kd7 56. Rxc8 1-0

[Event "Francophone-ch rapid 3rd"]
[Site "Geneve"]
[Date "2016.07.02"]
[Round "7"]
[White "Riff, Jean Noel"]
[Black "Botta, Gabriele"]
[Result "1-0"]
[WhiteElo "2494"]
[BlackElo "2336"]
[PlyCount "47"]
[EventDate "2016.07.02"]
[EventType "swiss (rapid)"]
[EventRounds "15"]
[EventCountry "SUI"]
[SourceTitle "CBM 173 Extra"]
[Source "ChessBase"]
[SourceDate "2016.08.29"]
[SourceVersion "1"]
[SourceVersionDate "2016.08.29"]
[SourceQuality "1"]

1. e4 c5 2. Nf3 e6 3. d4 cxd4 4. Nxd4 a6 5. Be2 Nf6 6. Nc3 Qc7 7. 0-0 d6 8. f4 g6 9. f5 Bg7 10. Kh1 0-0 11. Bg5 Nc6 12. Qd2 Ne5 13. Bh6 Nc4 14. Bxc4 Qxc4 15. Bxg7 Kxg7 16. Rad1 b5 17. a3 e5 18. Nb3 Ra7 19. Qxd6 Rd7 20. Qxe5 Re8 21. Qf4 Rxd1 22. Rxd1 Nxe4 23. Nxe4 Qxe4 24. f6+ 1-0

[Event "SUI-chT"]
[Site "Switzerland"]
[Date "2016.04.17"]
[Round "2.1"]
[White "Huebner, Robert"]
[Black "Botta, Gabriele"]
[Result "1-0"]
[WhiteElo "2583"]
[BlackElo "2331"]
[PlyCount "71"]
[EventDate "2016.03.20"]
[EventType "team-tourn"]
[EventRounds "9"]
[EventCountry "SUI"]
[SourceTitle "EXT 2017"]
[Source "ChessBase"]
[SourceDate "2016.10.25"]
[SourceVersion "1"]
[SourceVersionDate "2016.10.25"]
[SourceQuality "1"]
[WhiteTeam "Luzern"]
[BlackTeam "Echallens"]
[WhiteTeamCountry "SUI"]
[BlackTeamCountry "SUI"]

1. d4 d5 2. c4 c6 3. Nc3 Nf6 4. Nf3 e6 5. e3 Nbd7 6. Bd3 dxc4 7. Bxc4 b5 8. Bd3 Bb7 9. 0-0 a6 10. e4 c5 11. d5 Qc7 12. b3 Bd6 13. dxe6 fxe6 14. Bxb5 0-0 15. Bc4 Ne5 16. Bxe6+ Kh8 17. Ng5 h6 18. Nh3 Nxe4 19. Nxe4 Bxe4 20. Bd5 Bxd5 21. Qxd5 Ng4 22. g3 Be5 23. Nf4 Qb6 24. Rb1 g5 25. Ne6 Rfe8 26. Nxc5 Rad8 27. Qf3 Qxc5 28. Qxg4 Qc2 29. Be3 Bg7 30. a4 Re4 31. Qf5 Rf8 32. Qd5 Re5 33. Qc4 Qg6 34. Rbd1 Re4 35. Qd5 Qe8 36. Bd4 1-0

[Event "Cappelle op 32nd"]
[Site "Cappelle la Grande"]
[Date "2016.02.17"]
[Round "6"]
[White "Angermuende, Dirk"]
[Black "Botta, Gabriele"]
[Result "0-1"]
[WhiteElo "2013"]
[BlackElo "2338"]
[PlyCount "72"]
[EventDate "2016.02.13"]
[EventType "swiss"]
[EventRounds "9"]
[EventCountry "FRA"]
[SourceTitle "EXT 2017"]
[Source "ChessBase"]
[SourceDate "2016.10.25"]
[SourceVersion "1"]
[SourceVersionDate "2016.10.25"]
[SourceQuality "1"]

1. e4 c6 2. d4 d5 3. e5 Bf5 4. Ne2 e6 5. Ng3 Bg6 6. h4 h5 7. Be2 Be7 8. Bxh5 Bxh5 9. Nxh5 g6 10. Nf4 c5 11. c3 Nc6 12. Rh3 cxd4 13. cxd4 Qb6 14. Ne2 Rxh4 15. Rxh4 Bxh4 16. Nbc3 Be7 17. a3 Kf8 18. b4 Kg7 19. Na4 Qb5 20. Be3 Nh6 21. Nec3 Qc4 22. Rc1 Nf5 23. Nb2 Qa6 24. Nba4 b5 25. Qd3 Rb8 26. Kd2 Nxe5 27. dxe5 d4 28. Qe2 dxe3+ 29. fxe3 Qc6 30. Nb2 Bg5 31. Ncd1 Rd8+ 32. Nd3 Qe4 33. Rc3 Qxe5 34. Rc5 Qd6 35. Rc3 Bf6 36. Rc5 Ng3 0-1

[Event "Cappelle op 32nd"]
[Site "Cappelle la Grande"]
[Date "2016.02.15"]
[Round "4"]
[White "Chargelegue, Thomas"]
[Black "Botta, Gabriele"]
[Result "1/2-1/2"]
[WhiteElo "2034"]
[BlackElo "2338"]
[PlyCount "73"]
[EventDate "2016.02.13"]
[EventType "swiss"]
[EventRounds "9"]
[EventCountry "FRA"]
[SourceTitle "EXT 2017"]
[Source "ChessBase"]
[SourceDate "2016.10.25"]
[SourceVersion "1"]
[SourceVersionDate "2016.10.25"]
[SourceQuality "1"]

1. e4 c6 2. d4 d5 3. Nc3 dxe4 4. Nxe4 Bf5 5. Ng3 Bg6 6. h4 h6 7. Nf3 Nd7 8. h5 Bh7 9. Bd3 Bxd3 10. Qxd3 e6 11. Bd2 Ngf6 12. 0-0-0 Be7 13. Kb1 Rc8 14. Ne4 c5 15. g4 Qb6 16. Nxf6+ Bxf6 17. g5 c4 18. Qc3 hxg5 19. Bxg5 Qb5 20. Rdg1 Nb6 21. h6 Nd5 22. Qa3 c3 23. b3 gxh6 24. Bxf6 Nxf6 25. Ne5 Rg8 26. f3 Rxg1+ 27. Rxg1 Rd8 28. Qxa7 Qb4 29. Rd1 h5 30. Nd3 Qxd4 31. Qxb7 h4 32. Qb5+ Ke7 33. Rh1 Rd5 34. Qb7+ Rd7 35. Qb5 Rd5 36. Qb7+ Rd7 37. Qb5 1/2-1/2

[Event "SUI-ch op"]
[Site "Leukerbad"]
[Date "2015.07.17"]
[Round "9"]
[White "Bucher, Michael"]
[Black "Botta, Gabriele"]
[Result "0-1"]
[WhiteElo "2243"]
[BlackElo "2312"]
[PlyCount "60"]
[EventDate "2015.07.09"]
[EventType "swiss"]
[EventRounds "9"]
[EventCountry "SUI"]
[SourceTitle "EXT 2019"]
[Source "ChessBase"]
[SourceDate "2018.10.10"]
[SourceVersion "1"]
[SourceVersionDate "2018.10.10"]
[SourceQuality "1"]

1. d4 d5 2. Nf3 Nf6 3. c4 c6 4. Nc3 e6 5. Bg5 dxc4 6. a4 Bb4 7. e4 Bxc3+ 8. bxc3 Qa5 9. e5 Ne4 10. Bd2 c5 11. Bxc4 cxd4 12. cxd4 Nxd2 13. Qxd2 Nc6 14. Bb5 Bd7 15. Rb1 Rc8 16. Ke2 Qxd2+ 17. Kxd2 Ke7 18. Rhc1 Rhd8 19. Ke3 f6 20. Rc5 Nxd4 21. exf6+ Kxf6 22. Rxc8 Nf5+ 23. Kf4 Bxc8 24. g4 e5+ 25. Nxe5 Rd4+ 26. Kf3 Nh4+ 27. Kg3 Kxe5 28. Re1+ Kf6 29. f4 Rxf4 30. Be2 g5 0-1

[Event "SUI-ch op"]
[Site "Leukerbad"]
[Date "2015.07.13"]
[Round "5"]
[White "Gallagher, Joseph G"]
[Black "Botta, Gabriele"]
[Result "0-1"]
[WhiteElo "2476"]
[BlackElo "2312"]
[PlyCount "113"]
[EventDate "2015.07.09"]
[EventType "swiss"]
[EventRounds "9"]
[EventCountry "SUI"]
[SourceTitle "EXT 2019"]
[Source "ChessBase"]
[SourceDate "2018.10.10"]
[SourceVersion "1"]
[SourceVersionDate "2018.10.10"]
[SourceQuality "1"]

1. e4 c6 2. d4 d5 3. Nc3 dxe4 4. Nxe4 Bf5 5. Ng3 Bg6 6. Nh3 Nf6 7. Nf4 e5 8. Nxg6 hxg6 9. dxe5 Qa5+ 10. Bd2 Qxe5+ 11. Qe2 Nbd7 12. Qxe5+ Nxe5 13. Bc3 Ned7 14. 0-0-0 Bc5 15. Rd2 Kf8 16. Bd4 Rh4 17. Bxc5+ Nxc5 18. h3 Re8 19. Bd3 Nxd3+ 20. Rxd3 Ne4 21. Rd7 Nc5 22. Rc7 Rd4 23. c3 Rd7 24. Rxd7 Nxd7 25. Rd1 Nf6 26. Rd4 Re1+ 27. Kd2 Rb1 28. Kc2 Rg1 29. Rd8+ Ke7 30. Rb8 b6 31. Rb7+ Nd7 32. Rxa7 Rxg2 33. Ne4 f5 34. Nd2 Rxf2 35. a4 Rh2 36. b4 Kd6 37. a5 bxa5 38. bxa5 Ne5 39. Kd1 Rxh3 40. a6 Rxc3 41. Ra8 Ra3 42. a7 Ke7 43. Rg8 Rxa7 44. Rxg7+ Nf7 45. Rxg6 Ra1+ 46. Kc2 Ne5 47. Rh6 Rg1 48. Nb3 f4 49. Nd4 f3 50. Re6+ Kd7 51. Rf6 Rg2+ 52. Kd1 f2 53. Ke2 Ng4 54. Rf7+ Kd6 55. Rf4 Rg1 56. Nc2 Rc1 57. Rxg4 0-1